000 00911cam a22002417a 4500
005 20160224093803.0
008 950523s1995 fr b i000 0 eng d
040 _aNNF-L
_cNNF-L
_dDLC
_dCO-BoIAVH
041 0 _aeng
044 _afr
082 0 4 _a630.09861
_bS22c
100 1 _aSanint, Luis R.
245 0 0 _aCrop biotechnology and sustainability :
_ba case study of Colombia /
_cLuis R. Sanint
260 _aParís (Francia) :
_bOrganisation for Economic Co-operation and Development,
_c1995.
300 _a82 páginas ;
_c30 x 21 cm.
490 0 _aOECD technical papers ;
_v104
504 _aIncluye referencias bibliográficas (páginas 73-77).
650 6 _aBiotecnología
_zColombia.
650 6 _aBiotecnología
_xInvestigación
_zColombia.
650 6 _aCultivos
_zColombia.
710 2 _aOrganisation for Economic Co-operation and Development.
942 _2ddc
_cLIBRO
999 _c1916
_d1916